书目信息 |
| 题名: |
安装起重工
|
|
| 作者: | ;建筑部 组织编写 | |
| 分册: | ||
| 出版信息: | 北京 中国建筑工业出版社 2005.11 |
|
| 页数: | 184页 | |
| 开本: | 21cm | |
| 丛书名: | ||
| 单 册: | ||
| 中图分类: | TU758 | |
| 科图分类: | ||
| 主题词: | 建筑安装工程--jian zhu an zhuang gong cheng--技术教育--教材 | |
| 电子资源: | ||
| ISBN: | 7-112-07658-7 | |
| 000 | 00945nam0 2200265 450 | |
| 001 | 012008675653 | |
| 005 | 20080115095439.56 | |
| 010 | @a7-112-07658-7@dCNY12.00 | |
| 100 | @a20080113d2005 em y0chiy0120 ea | |
| 101 | 0 | @achi |
| 102 | @aCN@b110000 | |
| 105 | @aa a 000yy | |
| 106 | @ar | |
| 200 | 1 | @a安装起重工@Aan zhuang qi zhong gong@e技师@f建设部人事教育司组织编写@Fjian she bu ren shi jiao yu si zu zhi bian xie |
| 210 | @a北京@c中国建筑工业出版社@d2005.11 | |
| 215 | @a184页@c图@d21cm | |
| 300 | @a建筑职业技能培训教材 | |
| 320 | @a有书目 (第184页) | |
| 330 | @a本书内容包括:安装起重工识图知识、起重力学基础、起重吊装相关知识、螺栓及其焊接基础知识、起重机的选择与计算等。 | |
| 517 | 1 | @a技师@Aji shi |
| 606 | 0 | @a建筑安装工程@Ajian zhu an zhuang gong cheng@x技术教育@j教材 |
| 690 | @aTU758@v4 | |
| 711 | 02 | @a建筑部@Ajian zhu bu@b人事教育司@4组织编写 |
| 801 | 0 | @aCN@bQSSK@c20080115 |
| 905 | @b277772-74@dTU758@eJ320@f3 | |
| 安装起重工:技师/建设部人事教育司组织编写.-北京:中国建筑工业出版社,2005.11 |
| 184页:图;21cm |
| 建筑职业技能培训教材 |
| ISBN 7-112-07658-7:CNY12.00 |
| 本书内容包括:安装起重工识图知识、起重力学基础、起重吊装相关知识、螺栓及其焊接基础知识、起重机的选择与计算等。 |
| ● |
| 相关链接 |
|
|
|
正题名:安装起重工
索取号:TU758/J320
 
预约/预借
| 序号 | 登录号 | 条形码 | 馆藏地/架位号 | 状态 | 备注 |
| 1 | 277772 | 202777726 | 建筑库201/201建筑库 43排3列4层/ [索取号:TU758/J320] | 在馆 | |
| 2 | 277773 | 202777735 | 建筑库201/201建筑库 43排3列4层/ [索取号:TU758/J320] | 在馆 | |
| 3 | 277774 | 202777744 | 建筑库201/201建筑库 43排3列4层/ [索取号:TU758/J320] | 在馆 |